000 00493nam a2200181Ia 4500
003 OSt
005 20250807124533.0
008 210210b1955 xxu||||| |||| 00| 0 eng d
040 _cAL
041 _akan
082 _a853/574
100 _aSETU MADHAVACHAR
_9162210
_dಸೇತು ಮಾಧವಾಚಾರ್
245 _aVidyadhana:
_bವಿದ್ಯಾದಾನ
260 _aRAyachUru
_bMitra Prakashana
_c1955
690 _aKannada Drama
_9162211
906 _a019844
942 _2ddc
_cBK
999 _c143994
_d143994